Adab-adab penuntut ilmu
| Main Author: | Abu Abdullah Muhammad Sa'id |
|---|---|
| Published: |
Johor Bahru, Johor:
Perniagaan Jahabersa,
2003.
|
| Subjects: |
| LEADER | 00510cam a2200157 7i4500 | ||
|---|---|---|---|
| 001 | 0000000214 | ||
| 005 | 20160524090000.0 | ||
| 020 | |a 9831704045 | ||
| 090 | 0 | 0 | |a BP167 |b .A54 2003 |
| 100 | 0 | |a Abu Abdullah Muhammad Sa'id | |
| 245 | 1 | 0 | |a Adab-adab penuntut ilmu |c Abu Abdullah Muhammad bin Sa'id. |
| 260 | |a Johor Bahru, Johor: |b Perniagaan Jahabersa, |c 2003. | ||
| 300 | |a 140 p.; |c 23 cm. | ||
| 650 | 0 | 0 | |a Islamic ethics |
| 650 | 0 | 0 | |a Knowledge -- |x Religious aspects |
| 999 | |a 0000007253 |b BOK |c OPEN SHELF |e 1st Floor, Shah Alam | ||


